- Antiseri, Dario
Entry Nombre Personal
001 - NUMERO DE CONTROL
- campo de control: 41895
003 - IDENTIFICADOR DE NUMERO DE CONTROL
- campo de control: DLC
005 - FECHA Y HORA DE LA ÜLTIMA TRANSACCIÓN
- campo de control: 20230131153243.0
008 - DATOS DE LONGITUD FIJA
- campo de control de longitud fija: 800613n| acannaabn |a aaa
010 ## - NÚMERO DE CONTROL DE LA BIBLIOTECA DEL CONGRESO
- Número de control LC: n 50021305
035 ## - NUMERO DE CONTROL
- Número de control: (OCoLC)oca00056729
040 ## - FUENTE DE CATALOGACIÓN
- Agencia original de catalogación: DLC
- Lenguaje de catalogación: spa
- Agencia de transcripción: DLC
- Agencia que lo modifica: DLC
- Agencia que lo modifica: IEN
- Agencia que lo modifica: MX-MxUPN
046 ## - FECHAS CON CODIFICACIÓN ESPECIAL
- Fecha de nacimiento: 1940
100 1# - ENCABEZAMIENTO - NOMBRE PERSONAL
- Nombre personal: Antiseri, Dario
400 1# - VEÁSE - NOMBRE DE PERSONA
- Personal name: Antiseri, D.
- Fuller form of name: (Dario)
670 ## - FUENTE EN LA QUE SE LOCALIZARON DATOS
- Cita de la fuente: Dal neopositivismo alla filosofia analitica, 1966:
- Información localizada: portada (Dario Antiseri)
670 ## - FUENTE EN LA QUE SE LOCALIZARON DATOS
- Cita de la fuente: Il Metodo interdisciplinare nella scuola, nel lavoro, nella politica, 1978:
- Información localizada: portada (D. Antiseri) página 5 (Dario Antiseri)
670 ## - FUENTE EN LA QUE SE LOCALIZARON DATOS
- Cita de la fuente: The weak thought and its strength, 1996:
- Información localizada: portada (Dario Antiseri, LUISS Guido Carli, Rome)
670 ## - FUENTE EN LA QUE SE LOCALIZARON DATOS
- Cita de la fuente: Info. converted from 678, 2012-10-02
- Información localizada: (b. 1940)
670 ## - FUENTE EN LA QUE SE LOCALIZARON DATOS
- Cita de la fuente: El hilo de la razón, 1998:
- Información localizada: portada (Dario Antiseri)
902 ## - CATALOGADOR
- Catalogador: Víctor Ruiz/310123
